| 000 | 00351nam a22001217a 4500 | ||
|---|---|---|---|
| 999 |
_c2127 _d2127 |
||
| 005 | 20200909091604.0 | ||
| 008 | 200909b ||||| |||| 00| 0 eng d | ||
| 020 | _a10580 | ||
| 040 | _cCML | ||
| 245 |
_aHow to Make Abstract Paintings. _cLaidman, H. |
||
| 260 |
_aUSA _bThames and Hudson _c1961 |
||
| 942 |
_2ddc _cBK _e1st Edition _h750 _mLAI |
||